Investing in Ghana: celebrating 60 years of independence: top guide

Saved in:
Bibliographic Details
Corporate Author: The Ghana Investment Promotion Centre
Format: Book
Language:English
Published: London Silvia Salvetti Ollenu & Omar Ben Yedder 2017
Subjects:
Tags: Add Tag
No Tags, Be the first to tag this record!

MARC

LEADER 00000nam a22000007a 4500
003 KE-NaDUL
005 20180619161223.0
008 180619b xxu||||| |||| 00| 0 eng d
952 |0 0  |1 0  |2 lcc  |4 0  |6 HG5882 G4 I5 02017  |7 0  |8 AFR  |9 125281  |a DUA  |b DUA  |c GC  |d 2018-06-19  |g 2500.00  |l 0  |o HG5882.G4I5 2017  |p BK0106072  |r 2018-06-19 00:00:00  |w 2018-06-19  |x 106,072  |y G 
999 |c 190840  |d 190840 
040 |a DUL  |c DUL  |d jkimani 
245 |a Investing in Ghana:  |b celebrating 60 years of independence: top guide 
260 |a London  |b Silvia Salvetti Ollenu & Omar Ben Yedder  |c 2017 
300 |a 73 p.  |b ill. 
650 |a Ghana  |x Investments, Foreign  |z Africa  |9 1833 
710 |a The Ghana Investment Promotion Centre  |9 1834 
942 |2 lcc  |c G  |h HG5882  |i .G4I5  |m 2017  |6 HG5882 G4 I5